000 00717nam a2200253 a 4500
001 0001-1179
003 ELIB.Books
008 150508 2010 eng
020 _a080109058X
035 _a(ELIB.Books)0001-1334
092 _a259
_bCho
100 _aChoun, Robert J.
245 _aThe Christian Educator's Handbook on Children's Ministry:
_bReaching and Teaching the Next Generation
250 _aSecond Edition
260 _aGrand Rapids
_bBaker Books
_c1998
300 _a317
_c23.5 Cm
500 _aC/o Moe Lwei
650 _aChurch Work with Children
856 _nKBTS: Library
_uKBTS: Elib
942 _2ddc
_cBK
990 _a1
998 _cbat
_e2015-05-08
999 _c11179
_d11179